000 00595nam a22002177a 4500
003 OSt
005 20160506214913.0
008 160506b xxu||||| |||| 00| 0 eng d
020 _a9780443064401
040 _cDNLM
082 _aWL100 N398s 2002
100 _aEdited by Edwards, Susan
_98551
245 _aNeurological Physiotherapy: a problem-solving approach
250 _a2nd ed.
260 _aEdinburgh; Churchill, 2002
300 _axi,293p; ill: 26cm
504 _aReferences, & index included
650 _aNeurology
_92815
650 _aPhysiotherapy
_91959
942 _2z
_cO_SHELF
999 _c3896
_d3896